Normes per a la descripció codicològica dels manuscrits / Pere Bohigas, Anscari M. Mundó, Amadeu-J. Soberanas
Descripción Física:
p. 93-99 ; 23 cm
Materias:
Catalogació de manuscrits -- Normes
MARC
| LEADER | 00000nam a2200000Ia 4500 | ||
|---|---|---|---|
| 001 | 8032 | ||
| 008 | 160829s1973 - 1974 xx 000 0 cat d | ||
| 080 | |a FU-7-29 | ||
| 100 | 1 | |a Bohigas, Pere, |d 1901-2003 |9 22544 | |
| 245 | |a Normes per a la descripció codicològica dels manuscrits / Pere Bohigas, Anscari M. Mundó, Amadeu-J. Soberanas | ||
| 260 | |a Barcelona : |b [s.n.], |c 1973 - 1974 | ||
| 300 | |a p. 93-99 ; |c 23 cm | ||
| 590 | |a Text en castellà i català. | ||
| 590 | |a Separata de: Biblioteconomia. Años XXX-XXXI, núm. 77-78, 1973-1974 | ||
| 650 | |a Catalogació de manuscrits |x Normes |9 30365 | ||
| 700 | |a Mundó, Anscari M. |9 30366 | ||
| 700 | |a Soberanas i Lleó, Amadeu-J. |9 30367 | ||
| 901 | |a Arxiu | ||
| 942 | |n 1 | ||
| 952 | |0 0 |1 0 |4 0 |6 FU729 |7 1 |9 45393 |a Arxiu |b Arxiu |d 2016-12-01 |l 0 |o FU-7-29 |p 8032 |r 2016-12-01 00:00:00 |w 2016-12-01 |y ARXIU | ||
| 999 | |c 48486 |d 48486 | ||